Διαχείριση πληροφοριών και επικοινωνίες : με το ελληνικό Internet Explorer και Outlook Express

Αποθηκεύτηκε σε:
Λεπτομέρειες βιβλιογραφικής εγγραφής
Κύριος συγγραφέας: Μπανδήλα, Ευαγγελία
Άλλοι συγγραφείς: Σουρής, Ανδρέας
Μορφή: Βιβλίο
Γλώσσα:Greek
Δημοσίευση: Αθήνα : Εκδόσεις Νέων Τεχνολογιών, c2001.
Θέματα:
Ετικέτες: Προσθήκη ετικέτας
Δεν υπάρχουν, Καταχωρήστε ετικέτα πρώτοι!

MARC

LEADER 00000cam a2200000 i 4500
001 1/41176
008 030923s2001 gr | ||| |||| ||gre||
020 |a 9608105250 
035 |l 10070944 
040 |a GR-MyUa  |b gre  |e AACR2 
041 0 |a gre 
082 7 |a 005.369   |2 (22) 
100 1 |a Μπανδήλα, Ευαγγελία. 
245 1 0 |a Διαχείριση πληροφοριών και επικοινωνίες :   |b με το ελληνικό Internet Explorer και Outlook Express /   |c Ε. Μπανδήλα, Α. Σουρής.  
260 |a Αθήνα :   |b Εκδόσεις Νέων Τεχνολογιών,   |c c2001.  
300 |a 175 σ. :   |b εικ. ;   |c 23 εκ.  
500 |a Ενότητα 7 Απαραίτητο γιατην απόκτηση διπλώματος ECDL.  
504 |a Περιέχει βιβλιογραφικές παραπομπές και ευρετήριο.  
630 0 0 |a European Computer Driving Licence. 
650 0 |a Electronic data processing personnel  |x Certification  |z Europe. 
650 0 |a Word processing  |x Examinations  |x Study guides. 
650 0 |a Time management  |x Computer programms. 
700 1 |a Σουρής, Ανδρέας. 
852 |a INST  |b SAMOS  |e 20030923  |h 005.369 ΜΠΑ  |p 005300023883  |q 005300023883  |t BK  |y 0 
901 |a BIBL3-2003-3 
922 |a 3ΕΛΗ  |b 200308  |c ΚΥΒ/ΤΠΕΣ  |d ΠΑΠΑΣΩΤΗΡΙΟΥ 
950 |a 133-2003-08-26 
970 |a ΚΟΣΙΕΡΗΣ  |b ΧΡΗΣΤΟΣ  |z 2003/11/04